| 000 | 00631nam a2200229Ia 4500 | ||
|---|---|---|---|
| 003 | OSt | ||
| 005 | 20230413155429.0 | ||
| 008 | 210423s2017 xx 000 0 und d | ||
| 020 | _a978-981-3151-26-0 | ||
| 040 | _cAL | ||
| 041 | _aeng | ||
| 082 |
_a576 _223 _bWILP |
||
| 100 |
_aWILLEY (Joanne M);SHERWOOD (Linda M);WOOLVERTON (Christopher J) _988300 |
||
| 245 | _aPrescotts microbiology Ed 10 | ||
| 250 | _a10 | ||
| 260 |
_aNew York _bMcGrawhill Education _c2017 |
||
| 300 |
_axxii,980,101 _bPB |
||
| 365 |
_b5414.23 _cGBP |
||
| 650 |
_aMicrobiology _988301 |
||
| 906 | _a10 ; microbiology ; Prescotts | ||
| 942 |
_2ddc _cBK |
||
| 999 |
_c169957 _d169957 |
||